000 00715cab a2200241 4500
001 ABS58202
008 090401t1998 xxu||||| |||| 00| 0 eng d
035 _a(Sirsi) u83241
041 _aeng
100 _aChillingworth, P.
245 4 _aThe new sustainable PPG7
260 _c1998
350 _a0
490 _aCSM
_bChartered Surveyor Monthly
_vJanuary 1998, 52(1)
520 _aExamines the changes triggered by the inclusion of sustainability in planning policy in the year after the revision of PPG7.
650 _aPLANNING POLICY
650 _aPPG7
650 _aRURAL PLANNING
650 _aSUSTAINABLE DEVELOPMENT
690 _aPLANNING LAW AND PRACTICE
942 _n0
948 _c21/01/1998
999 _c52563
_d52563